| 000 | 00835cam a2200265 a 4500 | ||
|---|---|---|---|
| 001 | 4278966 | ||
| 003 | OSt | ||
| 005 | 20151110153433.0 | ||
| 008 | 851021t19861985nyu 000 1 eng | ||
| 010 | _a 85025993 | ||
| 020 |
_a0140077812 _c$6.95 ($8.95 Can.) |
||
| 040 |
_aDLC _cDLC _dDLC |
||
| 050 | 0 | 0 |
_aPS 3552.O932 _b.B792 1986 |
| 082 | 0 | 0 |
_aHS 813.54 _bB63 1985 |
| 100 | 1 |
_aBoyle, T. Coraghessan. _912926 |
|
| 245 | 1 | 0 |
_aGreasy Lake & other stories / _cT. Coraghessan Boyle. |
| 260 |
_aNew York, N.Y. : _bPenguin, _cc1986. |
||
| 300 |
_a229 p. : _c20 cm. |
||
| 490 | 0 | _aContemporary American fiction | |
| 651 | 0 |
_aUnited States _xSocial life and customs _y20th century _xFiction. _912927 |
|
| 740 | 0 | _aGreasy Lake and other stories. | |
| 906 |
_a7 _bcbc _corignew _d1 _eocip _f19 _gy-gencatlg |
||
| 942 |
_2lcc _cBK |
||
| 999 |
_c9243 _d9243 |
||